Návrh koncentračných kolektorov pre malé a stredné podniky

Salvato in:
Dettagli Bibliografici
Autore principale: Barátová, Gabriela (Autore)
Altri autori: Gašparovský, Dionýz, 1971- (Relatore della tesi)
Natura: Manoscritto Libro
Lingua:slovacco
Pubblicazione: Bratislava : STU v Bratislave FEI, 2004
Soggetti:
Tags: Aggiungi Tag
Nessun Tag, puoi essere il primo ad aggiungerne!!

MARC

LEADER 00000ntm a22000003a 4500
001 stu92913
005 20160719164656.2
008 050222s2004------------------------slo-d
040 |a STU  |b slo 
041 0 |a slo 
100 1 |a Gašparovský, Dionýz,  |d 1971-  |4 ths  |u E020  |U FEI Fakulta elektrotechniky a informatiky  |T FEI Ústav elektroenergetiky a aplikovanej elektrotechniky  |X 1935  |U E020  |Y 548  |7 A000001935 
245 1 |a Návrh koncentračných kolektorov pre malé a stredné podniky 
260 |a Bratislava :  |b STU v Bratislave FEI,  |c 2004 
300 |a 47 s 
650 7 |a Elektroenergetické a silnoprúdové inžinierstvo  |2 stusub 
700 1 |a Barátová, Gabriela  |4 aut